SAT Words Click Quiz - W - Statistics

General Stats
  • This quiz has been taken 637 times
  • The average score is 11 of 15
Answer Stats
Hint Answer % Correct
Strong desire to travel Wanderlust
91%
A toy that spins Whirligig
84%
Delicate, light Wispy
78%
Lie in wait to attack or ambush Waylay
77%
Fanciful Whimsical
77%
Young dog or wolf Whelp
74%
Spiral pattern Whorl
73%
Darkly humorous Wry
72%
Become withered due to age Wizen
71%
Charming, engaging Winsome
69%
Feeling of sad yearning Wistful
68%
Coax or cajole with flattery Wheedle
60%
Accustomed; habituated Wont
57%
Achieve a goal through trickery Wangle
56%
Feel nauseous or queasy Wamble
52%
No matching quizzes found
Score Distribution
Percent of People with Each Score
Percentile by Number Answered
Your Score History
You have not taken this quiz